APEC Schools

Julius Caesar / (Record no. 7053)

000 -LEADER
fixed length control field nam a22 7a 4500
005 - DATE AND TIME OF LATEST TRANSACTION
control field 20190206071954.0
008 - FIXED-LENGTH DATA ELEMENTS--GENERAL INFORMATION
fixed length control field 190206b xxu||||| |||| 00| 0 eng d
020 ## - IDENTIFIER FOR THE MANIFESTATION
Identifier for the Manifestation 0333089537
Binding paperback
040 ## - CATALOGING SOURCE
Language of Cataloging eng
Transcribing Agency APEC Schools Library
Description Conventions rda
082 ## - DEWEY DECIMAL CLASSIFICATION NUMBER
Classification number Fic
Author's Number Sh527 1974
100 ## - CREATOR
Preferred Name of the Person Shakespeare, WIlliam
245 ## - TITLE AND STATEMENT OF RESPONSIBILITY
Preferred Title Proper Julius Caesar /
Statement of Responsibility/Parallel Statement of Responsibility William Shakespeare
264 ## - PUBLICATION STATEMENT
Place of publication, distribution, etc London :
Publisher's Name/Parallel Publisher's Name Mcmillan Education Ltd.,
Copyright ©1974
300 ## - PHYSICAL DESCRIPTION
Extent 211 pages ;
Dimensions 15 cm.
336 ## - RDA CONTENT
Source rdacontent
Content Type text
337 ## - RDA MEDIA
Source rdamedia
Media Type unmediated
338 ## - RDA CARRIER
Source rdacarrier
Carrier Type volume
942 ## - ADDED ENTRY ELEMENTS (KOHA)
Source of Classification
Koha Item Type Books
Holdings
Library Site Location Shelving Location Source of Acquisition Full Classification Number Accession Number Koha Item Type
APEC C. Raymundo Library APEC C. Raymundo Library Fiction Institutional Fund Fic Sh527 1974 A07-0000303 Fiction
APEC JRU Lipa Library APEC JRU Lipa Library Fiction Institutional Fund Fic Sh527 1974 B12-0000426 Fiction
APEC Ortigas Extension, Cainta Library APEC Ortigas Extension, Cainta Library Fiction Institutional Fund Fic Sh527 1974 B09-0000299 Fiction
APEC Silangan, Pateros Library APEC Silangan, Pateros Library Fiction Institutional Fund Fic Sh527 1974 B07-0000377 Fiction
APEC Taytay Library APEC Taytay Library Fiction Institutional Fund Fic Sh527 1974 B08-0000302 Fiction

Powered by Koha